On This Day: December 17th Quiz Stats

 Plays Quiz Updated Dec 17, 2017

Challenge
Share
Tweet
Embed
Score 0/7 Timer 03:00
3 Plays Today
Question Answer Wrong Answers
This animated sitcom created by Matt Groening premiers.
1989
The Simpsons
90%
The Ren & Stimpy Show
0.8%
Beavis and Butt-Head
4.8%
King of the Hill
1.7%
This nation formally recognizes the United States.
1777
France
86.5%
Spain
7.1%
Portugal
1.5%
Russia
4.9%
Project Blue Book comes to an end with the United States Air Force closing its study of ______.
1969
UFOs
82.1%
Hypnosis
3.4%
Telekinesis
7.5%
Big Foot
4.4%
The Wright brothers make the first manned, controlled, powered, heavier-than-air flight in the Wright Flyer at Kitty Hawk, ______.
1903
North Carolina
77.1%
South Carolina
11.3%
Georgia
2%
Virginia
7.5%
The first issue of this American fashion and lifestyle magazine is published.
1892
Vogue
72%
GQ
15.7%
Seventeen
1.1%
Glamour
9.5%
The Magnuson Act is signed, which repeals the ______ Exclusion Act of 1882.
1943
Chinese
43%
Japanese
21.1%
Irish
21.5%
Mexican
11.8%
General Ulysses S. Grant issues General Order No. 11, expelling ______ from parts of Tennessee, Mississippi, and Kentucky.
1862
Jews
22.4%
Freed Slaves
70.7%
Italians
1.9%
Catholics
4%

Today's Daily Dose

You're not logged in!

Compare scores with friends on all Sporcle quizzes.
OR
Log In

You Might Also Like...

Show Comments

Extras

Top Quizzes Today


Score Distribution

Your Account Isn't Verified!

In order to create a playlist on Sporcle, you need to verify the email address you used during registration. Go to your Sporcle Settings to finish the process.

Report this User

Report this user for behavior that violates our Community Guidelines.

Details: